College physics / (رقم التسجيلة. 75165)
[ عرض عادي ]
| 000 -الفاتح | |
|---|---|
| حقل البيانات ثابتة الطول | 00618nam a22002171 4500 |
| 003 - محدد رقم الضبط | |
| رقم الضبط | OSt |
| 005 - وقت وتاريخ اخر تعامل مع التسجيلة | |
| رقم الضبط | 20180923144742.0 |
| 008 - عناصر البيانات ثابتة الطول - معلومات عامة | |
| حقل البيانات ثابتة الطول | 700914s2018 maua 00000 eng |
| 020 ## - الرقم الدولى المعيارى للكتب | |
| الرقم الدولى المعيارى للكتاب | 9781337620338 |
| 040 ## - مصدر الفهرسة | |
| وكالة الفهرسة الأصلية | DLC |
| وكالة النسخ | DLC |
| وكالة التعديل | OCL |
| -- | m/c |
| -- | CIN |
| لغة الفهرسة | eng |
| 050 0# - رقم طلب مكتبة الكونجرس | |
| رقم التصنيف | QC21 |
| رقم المادة | .P53 |
| 082 ## - رقم تصنيف ديوى العشرى | |
| رقم التصنيف | 530 |
| رقم الطبعة | 21 |
| رقم المادة | SRC |
| 100 ## - المدخل الرئيسى - إسم شخصى | |
| الإسم الشخصى | Serway, Raymond |
| 9 (RLIN) | 5306 |
| 245 10 - بيان العنوان | |
| العنوان | College physics / |
| بيان المسئوليه,etc | Raymond Serway, Chris Vuille |
| 260 0# - PUBLICATION, DISTRIBUTION, ETC. (IMPRINT) | |
| مكان الناشر او الموزع | [Boston] |
| اسم الناشر او الموزع | Cengage; |
| تاريخ النشر أو التوزيع | 2018 |
| 300 ## - الوصف المادى | |
| التعداد | 958 p. |
| تفاصيل ماديه اخرى للوعاء | illus. (part col.) |
| أبعاد الوعاء | 27 cm |
| 500 ## - تبصرة عامة | |
| تبصرة عامة | Based on the Committee's Physics |
| 650 #0 - المدخل الاضافى بالموضوع-مصطلح موضوعى | |
| مصطلح موضوعي أو اسم جغرافي كعنصر مدخل | Physics |
| 9 (RLIN) | 65079 |
| 700 ## - المدخل الاضافى - اسم شخصى | |
| الإسم الشخصى | Vuille, Chris |
| 9 (RLIN) | 56928 |
| 942 ## - عناصر المدخل الإضافي( كوها) | |
| Koha [default] item type | كتاب |
| حالة الفقد | نموذج السعر الفعال | حالة تلف | ليس للاعارة | رقم الطلب | تاريخ الاكتساب | الموقع الحالي | الباركود | الفرع الرئيسي | Date last seen | نوع المادة فى نظام كوها | مصدر التصنيف او خطة الترفيف | Total Checkouts | Date last checked out |
|---|---|---|---|---|---|---|---|---|---|---|---|---|---|
| 2018-09-22 | 530 SRC | 2018-09-22 | المكتبة المركزية بالمجمعة (CL) | 00751427 | المكتبة المركزية بالمجمعة (CL) | 2018-09-22 | كتاب | Dewey Decimal Classification | |||||
| 2018-09-22 | 530 SRC | 2018-09-22 | المكتبة المركزية بالمجمعة (CL) | 00751428 | المكتبة المركزية بالمجمعة (CL) | 2018-09-22 | كتاب | Dewey Decimal Classification | |||||
| 2018-09-22 | 530 SRC | 2018-09-22 | المكتبة المركزية بالمجمعة (CL) | 00751429 | المكتبة المركزية بالمجمعة (CL) | 2021-05-06 | كتاب | Dewey Decimal Classification | 1 | 2021-02-11 | |||
| 2018-09-22 | 530 SRC | 2018-09-22 | مكتبة مجمع الطالبات بالمجمعة (EMF) | 00751430 | مكتبة مجمع الطالبات بالمجمعة (EMF) | 2018-09-22 | كتاب | Dewey Decimal Classification | |||||
| 2018-09-22 | 530 SRC | 2018-09-22 | مكتبة مجمع الطالبات بالمجمعة (EMF) | 00751431 | مكتبة مجمع الطالبات بالمجمعة (EMF) | 2018-09-22 | كتاب | Dewey Decimal Classification | |||||
| 2018-09-22 | 530 SRC | 2018-09-22 | مكتبة مجمع الكليات بالزلفى - طلاب (SZM) | 00751432 | مكتبة مجمع الكليات بالزلفى - طلاب (SZM) | 2018-09-22 | كتاب | Dewey Decimal Classification | |||||
| 2018-09-22 | 530 SRC | 2018-09-22 | مكتبة مجمع الكليات بالزلفى - طلاب (SZM) | 00751433 | مكتبة مجمع الكليات بالزلفى - طلاب (SZM) | 2018-09-22 | كتاب | Dewey Decimal Classification |
